000 00291nam a22001337a 4500
008 180824b xxu||||| |||| 00| 0 eng d
020 _a9781437704532
041 _aeng
080 _a617
100 _a6
101 _aANE
245 _aANESTHESIOLOGY CLINIC
_cGROSS.W.L
942 _2udc
_cBK
999 _c47312
_d47312